MARC

LEADER 00000nas a2200000 4500
001 ssj0009186
003 WaSeSS
005 20200512172242.0
006 m d
007 cr n
008 800130c19779999sz br p s 0 a0eng c
010 |a  80640160  
016 7 |a 010466153  |2 Uk 
022 |l 0252-9793  |y 0252-9793 
032 |a 574450  |b USPS 
035 |a (WaSeSS)ssj0009186 
040 |a VPI  |b eng  |c VPI  |d DLC  |d NST  |d AIP  |d NSD  |d NST  |d OCLCQ  |d TJC  |d CUS  |d U9S  |d OCLCQ  |d UKMGB  |d OCLCF  |d OCLCQ  |d WaSeSS 
042 |a pcc  |a nsdp 
050 0 0 |a HD9743.A1  |b A75 
082 0 |a 338.4/76234/05 
210 0 |a Armada int. 
222 0 |a Armada international 
245 0 0 |a Armada international  |h [electronic resource]. 
260 |a [Zurich, Switzerland]  |b [Internationale Armada Aktiengesellschaft] 
310 |a Bimonthly 
362 0 |a v. 1- Feb. 1977- 
506 |a License restrictions may limit access. 
580 |a Issued also in French and German. 
588 |a Latest issue consulted: Vol. 14, no. 1 (Feb./Mar. 1990). 
650 0 |a Weapons industry  |v Periodicals. 
650 0 |a Firearms industry and trade  |v Periodicals. 
650 6 |a Munitions  |v Périodiques. 
650 6 |a Armes à feu  |x Industrie  |v Périodiques. 
650 7 |a Firearms industry and trade.  |2 fast  |0 (OCoLC)fst00925632 
650 7 |a Weapons industry.  |2 fast  |0 (OCoLC)fst01173026 
655 0 |a Electronic journals. 
775 1 |t Armada international  |e fre 
775 1 |t Armada international  |e ger 
850 |a DLC  |a MBU  |a NN  |a ViBlbV 
856 4 0 |z Full text available from Research Library: 06/01/1997 to present  |u https://search.proquest.com/publication/33914